000 00312nam a22001217a 4500
003 SGT
082 _a364.1323
_bLSS
100 _aLOK SABHA SECRETARIAT
245 _aREPORT
_bJOINT COMMITTEE TO ENQUIRE INTO BOFORS CONTRACT
260 _aNEW DELHI
_bLOK SABHA SECRETARIAT
_c1988
300 _a238
942 _2ddc
_cBK
999 _c31260
_d31260